|
|
|
|
| LEADER |
00745cam a2200229 7i4500 |
| 001 |
0000085578 |
| 005 |
20250312090000.0 |
| 020 |
|
|
|a 10:1111824053
|
| 020 |
|
|
|a 13:9781111824051
|
| 090 |
0 |
0 |
|a HD69.P75
|b C54 2012
|
| 100 |
1 |
|
|a Clements, James P.
|
| 245 |
1 |
0 |
|a Effective project management
|c James P. Clements, Jack Gido.
|
| 250 |
|
|
|a Fifth edition.
|
| 264 |
|
|
|a United States:
|b South-Western Cengage Learning,
|c 2012.
|
| 300 |
|
|
|a xxv, 502 pages:
|b colour, illustration;
|c 26 cm.
|
| 336 |
|
|
|a text
|2 rdacontent
|
| 337 |
|
|
|a unmediated
|2 rdamedia
|
| 338 |
|
|
|a volume
|2 rdacarrier
|
| 650 |
|
0 |
|a Project management
|
| 700 |
1 |
|
|a Gido, Jack
|
| 997 |
|
|
|a Business & Accountancy, Faculty
|
| 999 |
|
|
|a 0000061847
|b BOK
|c OPEN SHELF
|e 1st Floor, Shah Alam
|